| 000 | 00942nam a22002417a 4500 | ||
|---|---|---|---|
| 003 | OSt | ||
| 005 | 20240628115720.0 | ||
| 008 | 240628s1963 ck acfo|ri||| 001 0 spa d | ||
| 037 | _aDonación | ||
| 040 |
_aCO-JMCR _bspa _cCO-JMCR _dCO-JMCR _erda |
||
| 041 | _aspa | ||
| 082 | 0 | 4 |
_223 _a922.2246 _bV24s |
| 100 | 1 |
_aValtierra , Angel, _d1911 - 1982 _eautor _943746 |
|
| 245 | 1 | 0 |
_aSan Pedro Claver : _bEl santo que liberto una raza / _cAngel Valtierra ; Prologo de Eduardo Lemaitre. |
| 260 |
_aCartagena : _bDepartamento de publicaciones Santuario de San Pedro Claver , _c1963 |
||
| 300 |
_a395 páginas : _bIlustraciones, retratos, placas ; _c21 cm. |
||
| 500 | _aIncluye índice. | ||
| 650 | 1 | 4 |
_2JMCR _aSantos Colombianos _zColombia _943747 |
| 650 | 2 | 4 |
_2JMCR _aEsclavitud en Colombia _zColombia _943748 |
| 650 | 3 | 4 |
_2JMCR _aReligión en Colombia _zColombia _943749 |
| 700 | 1 |
_aLemaitre, Eduardo, _d1914 - 1994 _ePrologo _943750 |
|
| 942 |
_2ddc _cBK |
||
| 999 |
_c30769 _d17153 |
||